00795 a2200217 4500010001400000020002300014035001300037037001800050082001100068090001700079245007600096260004900172270009500221300002600316500002000342700001500362700002100377942002600398999001700424952013600441 aENG-89307 a8131303436c795.00 aEN-72840 bD.B.Act / Pub14a634.99 c10737d107371 aAgroforestry-Indian perspective/cedited by L.K. Jha and P.K, Sen Sarma aNew DelhibAPH Publishing Corporationc2008 a4435-36/7, Ansari Road, Darya Ganj,bNew DelhicDelhie110002k23274050maphbook@vsnl.net ax, 341 p.c23 cm (Hb) aIncludes index1 aJha, L. K.1 aSen Sarma, P. K. adplcENk634.99 / AGR c10442d10442 00102ddc40718NFICaDBADbDBADeDBAD/PUBg795.00l0o634.99 AGRpEN-72840r2008-09-15 00:00:00t1u11499v795.00w2008-09-15yEN